[Event "Victoria Grand Pacific op 7th"]
[Site "Victoria"]
[Date "2013.03.30"]
[Round "3"]
[White "Davies, Lucas"]
[Black "Wu, Howard"]
[Result "1/2-1/2"]
[WhiteElo "2184"]
[BlackElo "2162"]
[PlyCount "45"]
[EventDate "2013.03.29"]
[EventType "swiss"]
[EventRounds "6"]
[EventCountry "CAN"]
[SourceTitle "CBM 153 Extra"]
[Source "ChessBase"]
[SourceDate "2013.04.22"]
[SourceVersion "1"]
[SourceVersionDate "2013.04.22"]
[SourceQuality "1"]

1. e4 c5 2. Nc3 Nc6 3. g3 g6 4. Bg2 Bg7 5. d3 d6 6. Be3 e6 7. Qd2 Nd4 8. Nd1 Rb8 9. c3 Nc6 10. Ne2 Bd7 11. 0-0 Nge7 12. Bh6 0-0 13. Bxg7 Kxg7 14. Ne3 e5 15. f4 f6 16. fxe5 dxe5 17. Nd5 Be6 18. c4 Nc8 19. Rf2 Nd6 20. Raf1 Ne8 21. Qe3 b6 22. h4 Rb7 23. Kh2 1/2-1/2

[Event "British Columbia-ch"]
[Site "Vancouver"]
[Date "2012.10.07"]
[Round "4.4"]
[White "Davies, Lucas"]
[Black "Wu, Howard"]
[Result "1/2-1/2"]
[WhiteElo "2242"]
[BlackElo "2264"]
[PlyCount "35"]
[EventDate "2012.10.05"]
[EventType "tourn"]
[EventRounds "7"]
[EventCountry "CAN"]
[SourceTitle "EXT 2022"]
[Source "ChessBase"]
[SourceDate "2021.10.06"]
[SourceVersion "1"]
[SourceVersionDate "2021.10.06"]
[SourceQuality "1"]

1. e4 c5 2. Nc3 Nc6 3. g3 g6 4. Bg2 Bg7 5. d3 d6 6. Be3 e5 7. Nd5 Nf6 8. Nxf6+ Bxf6 9. Ne2 Qb6 10. Rb1 Be6 11. Nc3 Nd4 12. 0-0 Bg7 13. Qd2 0-0 14. f4 exf4 15. Bxf4 Rac8 16. Kh1 Rfe8 17. Rf2 a6 18. Nd5 1/2-1/2

[Event "British Columbia-ch"]
[Site "Vancouver"]
[Date "2012.10.06"]
[Round "3.1"]
[White "Davies, Lucas"]
[Black "Kenney, Jason"]
[Result "0-1"]
[WhiteElo "2242"]
[BlackElo "2243"]
[PlyCount "110"]
[EventDate "2012.10.05"]
[EventType "tourn"]
[EventRounds "7"]
[EventCountry "CAN"]
[SourceTitle "EXT 2022"]
[Source "ChessBase"]
[SourceDate "2021.10.06"]
[SourceVersion "1"]
[SourceVersionDate "2021.10.06"]
[SourceQuality "1"]

1. e4 c5 2. Nc3 Nc6 3. g3 g6 4. Bg2 Bg7 5. d3 d6 6. Be3 Nf6 7. h3 0-0 8. f4 Nd4 9. Qd2 e5 10. Nge2 Nh5 11. 0-0 exf4 12. gxf4 Nxe2+ 13. Nxe2 Bxb2 14. Rab1 Bg7 15. d4 Rb8 16. dxc5 dxc5 17. Qxd8 Rxd8 18. Bxc5 b6 19. Be3 Ba6 20. Rf2 Rbc8 21. Bf3 Rxc2 22. Bxh5 gxh5 23. Ng3 Rxf2 24. Kxf2 Bd4 25. Rb3 Bc4 26. Ra3 a5 27. Nxh5 Bb2 28. Ra4 Bb5 29. Bxb6 Rd2+ 30. Ke1 Re2+ 31. Kd1 Rh2 32. Rxa5 Be2+ 33. Kc2 Bxh5+ 34. Kb3 Bd1+ 35. Kc4 Rxh3 36. a4 Rc3+ 37. Kd5 Rc8 38. Kd6 Bf3 39. Rg5+ Kh8 40. Ke7 Bxe4 41. Kxf7 Bg6+ 42. Ke7 Rc6 43. Rb5 Ba3+ 44. Kd7 Rd6+ 45. Kc7 Be8 46. Re5 Bxa4 47. Re4 Rd7+ 48. Kc8 Bc6 49. Re3 Bf8 50. Rc3 Ba4 51. Bc7 Rf7 52. Rg3 h5 53. Rg5 Bd7+ 54. Kb7 Bg4 55. Kc6 Bh6 0-1

[Event "CAN-ch op 49th"]
[Site "Victoria"]
[Date "2012.07.13"]
[Round "9"]
[White "Davies, Lucas"]
[Black "Calugar, Arthur"]
[Result "1/2-1/2"]
[WhiteElo "2174"]
[BlackElo "2273"]
[PlyCount "85"]
[EventDate "2012.07.08"]
[EventType "swiss"]
[EventRounds "9"]
[EventCountry "CAN"]
[SourceTitle "CBM 149 Extra"]
[Source "ChessBase"]
[SourceDate "2012.08.24"]
[SourceVersion "1"]
[SourceVersionDate "2012.08.24"]
[SourceQuality "1"]

1. e4 c5 2. Nc3 Nc6 3. g3 g6 4. Bg2 Bg7 5. d3 d6 6. Be3 e5 7. Qd2 Nge7 8. Bh6 Bxh6 9. Qxh6 Nd4 10. Qd2 Be6 11. Nd1 Qd7 12. Ne3 f5 13. c3 Ndc6 14. Ne2 d5 15. exf5 gxf5 16. d4 cxd4 17. cxd4 0-0-0 18. Nc2 h5 19. 0-0-0 h4 20. dxe5 h3 21. Bf1 Nxe5 22. Nf4 N7c6 23. Nd4 Nxd4 24. Qxd4 Nc6 25. Qf6 Bf7 26. Bd3 Kb8 27. Bxf5 Qc7 28. Kb1 d4 29. Be6 Rhf8 30. Bxf7 Rxf7 31. Qe6 Re7 32. Qc4 Qa5 33. Qc2 Nb4 34. Qb3 Qf5+ 35. Nd3 Nxd3 36. Qxd3 Qxf2 37. Rd2 Re3 38. Rxf2 Rxd3 39. Re1 Rc8 40. Rc1 Re8 41. Kc2 Rde3 42. Rd1 Rc8+ 43. Kb1 1/2-1/2

[Event "CAN-ch op 49th"]
[Site "Victoria"]
[Date "2012.07.10"]
[Round "6"]
[White "Plotkin, Victor"]
[Black "Davies, Lucas"]
[Result "1/2-1/2"]
[WhiteElo "2249"]
[BlackElo "2174"]
[PlyCount "70"]
[EventDate "2012.07.08"]
[EventType "swiss"]
[EventRounds "9"]
[EventCountry "CAN"]
[SourceTitle "EXT 2014"]
[Source "ChessBase"]
[SourceDate "2013.11.20"]
[SourceVersion "1"]
[SourceVersionDate "2013.11.20"]
[SourceQuality "1"]

1. e4 c6 2. d4 d5 3. exd5 cxd5 4. Nf3 Nf6 5. c4 e6 6. Nc3 Bb4 7. Qb3 Nc6 8. Be3 0-0 9. Be2 dxc4 10. Qxc4 Nd5 11. 0-0 Nxe3 12. fxe3 Be7 13. Rac1 Nb4 14. Ne5 Nd5 15. Qd3 Bg5 16. Rf3 f6 17. Nc4 b6 18. Rh3 f5 19. Nxd5 exd5 20. Ne5 Be6 21. Rf1 Qd6 22. g4 g6 23. Rg3 f4 24. exf4 Bxf4 25. Rh3 Bxe5 26. dxe5 Rxf1+ 27. Bxf1 Qxe5 28. Re3 Qd6 29. Bg2 Rd8 30. Qd4 Bf7 31. b4 Rc8 32. a3 Rc1+ 33. Bf1 Rc2 34. Be2 Rc7 35. Bf3 Rc1+ 1/2-1/2

[Event "CAN-ch op 49th"]
[Site "Victoria"]
[Date "2012.07.08"]
[Round "2"]
[White "Davies, Lucas"]
[Black "Piasetski, Leon David"]
[Result "1/2-1/2"]
[WhiteElo "2174"]
[BlackElo "2290"]
[PlyCount "44"]
[EventDate "2012.07.08"]
[EventType "swiss"]
[EventRounds "9"]
[EventCountry "CAN"]
[SourceTitle "CBM 149 Extra"]
[Source "ChessBase"]
[SourceDate "2012.08.24"]
[SourceVersion "1"]
[SourceVersionDate "2012.08.24"]
[SourceQuality "1"]

1. e4 c5 2. Nc3 Nc6 3. g3 g6 4. Bg2 Bg7 5. d3 Rb8 6. Be3 d6 7. Qd2 Qa5 8. Nge2 Nd4 9. 0-0 e5 10. f4 Ne7 11. Nc1 f6 12. Nb3 Qc7 13. fxe5 dxe5 14. Ne2 Be6 15. Nbc1 0-0 16. c3 Nxe2+ 17. Nxe2 Rbd8 18. d4 f5 19. d5 c4 20. Rad1 Rd6 21. Bh3 Bd7 22. Qc2 h6 1/2-1/2

[Event "Victoria op 4th"]
[Site "Victoria"]
[Date "2010.04.04"]
[Round "5"]
[White "Botez, Alexandra"]
[Black "Davies, Lucas"]
[Result "1/2-1/2"]
[WhiteElo "1893"]
[BlackElo "2244"]
[PlyCount "132"]
[EventDate "2010.04.02"]
[EventType "swiss"]
[EventRounds "6"]
[EventCountry "CAN"]
[SourceTitle "CBM 135 Extra"]
[Source "ChessBase"]
[SourceDate "2010.05.04"]
[SourceVersion "1"]
[SourceVersionDate "2010.05.04"]
[SourceQuality "1"]

1. d4 Nf6 2. c4 g6 3. Nc3 Bg7 4. e4 d6 5. f3 0-0 6. Be3 Nc6 7. Nge2 a6 8. Qd2 Rb8 9. Rb1 b5 10. cxb5 axb5 11. b4 Nd7 12. Ng3 f5 13. Bxb5 Rxb5 14. Nxb5 Ba6 15. a4 f4 16. Bxf4 Bxb5 17. axb5 Nxd4 18. Be3 e5 19. Bxd4 exd4 20. 0-0 Ne5 21. Kh1 Nc4 22. Qa2 d5 23. exd5 Qxd5 24. Rfc1 Ne3 25. Qxd5+ Nxd5 26. Ne4 Rd8 27. Rb3 Bh6 28. Rc5 Kf7 29. h4 Be3 30. Ng5+ Kg8 31. Ne6 Rd7 32. Rc6 Kf7 33. g3 Ne7 34. Nc5 Nxc6 35. Nxd7 Na7 36. Ne5+ Ke6 37. Nc4 Bh6 38. b6 cxb6 39. Nxb6 Nb5 40. Kg2 Kd6 41. Kf2 Kc6 42. Na4 Kd5 43. Nb2 Be3+ 44. Rxe3 dxe3+ 45. Kxe3 Nd6 46. g4 Nf7 47. Nd3 Nd8 48. g5 Nf7 49. f4 Nd6 50. Kf3 Nf5 51. Kg4 Ne3+ 52. Kh3 Kc4 53. Nc5 Kxb4 54. Ne6 Kc4 55. Nf8 Kd5 56. Nxh7 Ke4 57. Nf8 Kf5 58. Kg3 Nd5 59. Nxg6 Kxg6 60. Kg4 Ne3+ 61. Kh3 Nd5 62. Kg4 Ne3+ 63. Kf3 Nf5 64. Ke4 Nxh4 65. f5+ Nxf5 66. Kf3 Kxg5 1/2-1/2

[Event "Victoria op 4th"]
[Site "Victoria"]
[Date "2010.04.03"]
[Round "2"]
[White "Davies, Lucas"]
[Black "Murray, Mike"]
[Result "0-1"]
[WhiteElo "2244"]
[BlackElo "1898"]
[PlyCount "60"]
[EventDate "2010.04.02"]
[EventType "swiss"]
[EventRounds "6"]
[EventCountry "CAN"]
[SourceTitle "CBM 135 Extra"]
[Source "ChessBase"]
[SourceDate "2010.05.04"]
[SourceVersion "1"]
[SourceVersionDate "2010.05.04"]
[SourceQuality "1"]

1. e4 Nc6 2. Nf3 Nf6 3. Nc3 d5 4. e5 d4 5. exf6 dxc3 6. bxc3 gxf6 7. d4 Qd5 8. Be3 Bg4 9. Be2 0-0-0 10. 0-0 Rg8 11. Ne1 Bxe2 12. Qxe2 e5 13. Nf3 Bd6 14. Rab1 Rde8 15. Rb5 Qe4 16. d5 Qg4 17. g3 Ne7 18. Bxa7 Nf5 19. Kh1 Nh4 20. Ng1 Qa4 21. Bc5 Nf5 22. Rb4 Qxa2 23. Qc4 Qxc2 24. Qb5 Qxc3 25. Qxb7+ Kd7 26. Bxd6 Nxd6 27. Rb3 Qc4 28. Qb4 Qxf1 29. Rc3 Qb5 30. Qh4 Qxd5+ 0-1

[Event "British Columbia-ch"]
[Site "Vancouver"]
[Date "2009.10.12"]
[Round "7"]
[White "Davies, Lucas"]
[Black "Jiganchine, Roman"]
[Result "1/2-1/2"]
[WhiteElo "2181"]
[BlackElo "2227"]
[PlyCount "35"]
[EventDate "2009.10.09"]
[EventType "tourn"]
[EventRounds "7"]
[EventCountry "CAN"]
[SourceTitle "EXT 2011"]
[Source "ChessBase"]
[SourceDate "2010.11.26"]
[SourceVersion "1"]
[SourceVersionDate "2010.11.26"]
[SourceQuality "1"]

1. e4 c5 2. Nf3 Nc6 3. d4 cxd4 4. Nxd4 Nf6 5. Nc3 e5 6. Ndb5 d6 7. Bg5 a6 8. Na3 b5 9. Nd5 Be7 10. Bxf6 Bxf6 11. c3 Bg5 12. Nc2 0-0 13. a4 bxa4 14. Rxa4 a5 15. Bc4 Rb8 16. b3 Kh8 17. h4 Bh6 18. g4 1/2-1/2

[Event "British Columbia-ch"]
[Site "Vancouver"]
[Date "2009.10.12"]
[Round "6"]
[White "Yoos, John C"]
[Black "Davies, Lucas"]
[Result "1/2-1/2"]
[WhiteElo "2438"]
[BlackElo "2238"]
[PlyCount "126"]
[EventDate "2009.10.09"]
[EventType "tourn"]
[EventRounds "7"]
[EventCountry "CAN"]
[SourceTitle "EXT 2011"]
[Source "ChessBase"]
[SourceDate "2010.11.26"]
[SourceVersion "1"]
[SourceVersionDate "2010.11.26"]
[SourceQuality "1"]

1. e4 c6 2. d4 d5 3. e5 Bf5 4. Nf3 e6 5. a3 c5 6. c4 dxc4 7. Bxc4 Nc6 8. Qb3 Qc7 9. Nc3 cxd4 10. Nb5 Qb6 11. Nbxd4 Qxb3 12. Bxb3 Be4 13. 0-0 Bc5 14. Re1 Bxf3 15. Nxf3 Nge7 16. Bc2 0-0 17. b4 Nd4 18. Be4 Nxf3+ 19. Bxf3 Bd4 20. Ra2 Nd5 21. Bb2 Bxb2 22. Rxb2 Rfd8 23. Rc2 Rac8 24. Rec1 Rxc2 25. Rxc2 Kf8 26. g3 Ke7 27. Kf1 b6 28. Ke2 f6 29. exf6+ Nxf6 30. Rc7+ Rd7 31. Rxd7+ Kxd7 32. Kd3 Kd6 33. Kc4 g5 34. h3 h6 35. a4 e5 36. Bg2 Ne8 37. Be4 Nf6 38. Bg6 Kc6 39. Bf5 Ne8 40. Be4+ Kd6 41. Bg2 Nc7 42. Bb7 Ne8 43. Be4 Nf6 44. Bg6 Kc6 45. Bf7 Kd6 46. Kb5 Ne4 47. Ka6 Nxf2 48. Kxa7 Kc7 49. a5 b5 50. Ka6 e4 51. Kxb5 e3 52. Bc4 Ne4 53. Bd3 Nxg3 54. Kc5 e2 55. Bxe2 Nxe2 56. b5 Nf4 57. b6+ Kb7 58. Kb5 h5 59. a6+ Kb8 60. Kc6 Ne6 61. Kd5 g4 62. hxg4 hxg4 63. Ke4 Nc5+ 1/2-1/2

[Event "British Columbia-ch"]
[Site "Vancouver"]
[Date "2009.10.11"]
[Round "5"]
[White "Pechisker, Alfred"]
[Black "Davies, Lucas"]
[Result "1/2-1/2"]
[WhiteElo "2284"]
[BlackElo "2238"]
[PlyCount "75"]
[EventDate "2009.10.09"]
[EventType "tourn"]
[EventRounds "7"]
[EventCountry "CAN"]
[SourceTitle "EXT 2011"]
[Source "ChessBase"]
[SourceDate "2010.11.26"]
[SourceVersion "1"]
[SourceVersionDate "2010.11.26"]
[SourceQuality "1"]

1. d4 Nf6 2. c4 g6 3. Nc3 Bg7 4. e4 d6 5. f3 0-0 6. Bg5 Nc6 7. Nge2 a6 8. d5 Ne5 9. Nd4 c5 10. Nc2 h6 11. Be3 Ne8 12. a4 f5 13. Qd2 fxe4 14. Nxe4 Kh7 15. Be2 e6 16. 0-0 exd5 17. cxd5 b6 18. Na3 Bd7 19. Nc4 Nxc4 20. Bxc4 b5 21. axb5 axb5 22. Bd3 b4 23. Qc2 Rxa1 24. Rxa1 Bf5 25. Ra6 Qe7 26. g4 Bc8 27. Ra8 Nf6 28. Nxf6+ Qxf6 29. Be4 Bd7 30. Rxf8 Bxf8 31. h4 Qxh4 32. Bxg6+ Kg7 33. Bf2 Qf6 34. Be4 Kf7 35. b3 Bg7 36. Kg2 Qb2 37. Bg6+ Kf8 38. Qxb2 1/2-1/2

[Event "Canadian op"]
[Site "Edmonton"]
[Date "2009.07.15"]
[Round "5.28"]
[White "Davies, Lucas"]
[Black "Pradzinski, Tim"]
[Result "1-0"]
[WhiteElo "2244"]
[BlackElo "1969"]
[PlyCount "75"]
[EventDate "2009.07.11"]
[EventType "swiss"]
[EventRounds "9"]
[EventCountry "CAN"]
[SourceTitle "EXT 2022"]
[Source "ChessBase"]
[SourceDate "2021.10.06"]
[SourceVersion "1"]
[SourceVersionDate "2021.10.06"]
[SourceQuality "1"]

1. e4 c5 2. Nc3 d6 3. g3 Nf6 4. Bg2 Nc6 5. d3 e6 6. f4 Be7 7. Nf3 a6 8. 0-0 Qc7 9. h3 Bd7 10. Be3 0-0-0 11. d4 Nxd4 12. Nxd4 cxd4 13. Bxd4 e5 14. Be3 Bc6 15. a4 Kb8 16. a5 Rc8 17. Bb6 Qd7 18. Qd2 Bb5 19. Rfd1 Qc6 20. Rac1 Rhe8 21. f5 h6 22. h4 Bf8 23. Nxb5 Qxb5 24. c4 Qa4 25. Qc3 Nd7 26. b3 Qc6 27. Bf2 Be7 28. b4 f6 29. Qe3 Kc7 30. b5 axb5 31. cxb5 Qxc1 32. Rxc1+ Nc5 33. Qb3 b6 34. Bxc5 dxc5 35. Qd5 Kb8 36. axb6 Red8 37. Qa2 Rd7 38. Ra1 1-0

[Event "Victoria Grand Pacific op 3rd"]
[Site "Victoria"]
[Date "2009.04.13"]
[Round "6"]
[White "Davies, Lucas"]
[Black "Harris, Philip"]
[Result "1-0"]
[WhiteElo "2238"]
[BlackElo "1866"]
[PlyCount "61"]
[EventDate "2009.04.10"]
[EventType "swiss"]
[EventRounds "6"]
[EventCountry "CAN"]
[SourceTitle "CBM 130 Extra"]
[Source "ChessBase"]
[SourceDate "2009.07.02"]
[SourceVersion "2"]
[SourceVersionDate "2009.07.15"]
[SourceQuality "1"]

1. e4 e5 2. Bc4 Nf6 3. d3 c6 4. Qe2 Bb4+ 5. c3 Ba5 6. Nf3 d6 7. Bg5 Bg4 8. 0-0 Nbd7 9. Nbd2 Nf8 10. h3 Be6 11. d4 Ng6 12. dxe5 dxe5 13. Nh4 Nf4 14. Bxf4 exf4 15. Bxe6 fxe6 16. e5 Nd5 17. Qh5+ Kd7 18. Nb3 g6 19. Qg4 Bb6 20. c4 h5 21. Qxg6 Qxh4 22. cxd5 cxd5 23. Qf7+ Qe7 24. Qxf4 Raf8 25. Qa4+ Kc8 26. Nd4 Rhg8 27. f4 Qh4 28. Kh1 Rxf4 29. Rac1+ Bc7 30. Rxc7+ Kxc7 31. Nxe6+ 1-0

[Event "British Columbia-ch"]
[Site "Vancouver"]
[Date "2008.10.12"]
[Round "5"]
[White "Davies, Lucas"]
[Black "Patterson, Roger"]
[Result "1/2-1/2"]
[WhiteElo "2165"]
[BlackElo "2140"]
[PlyCount "61"]
[EventDate "2008.10.10"]
[EventType "tourn"]
[EventRounds "7"]
[EventCountry "CAN"]
[SourceTitle "EXT 2011"]
[Source "ChessBase"]
[SourceDate "2010.11.26"]
[SourceVersion "1"]
[SourceVersionDate "2010.11.26"]
[SourceQuality "1"]

1. e4 c5 2. Nc3 Nc6 3. g3 g6 4. Bg2 Bg7 5. d3 d6 6. Be3 e6 7. Qd2 h6 8. Nge2 Nd4 9. Nc1 Ne7 10. Nd1 e5 11. c3 Ne6 12. Ne2 f5 13. f4 Qc7 14. 0-0 Bd7 15. Nf2 exf4 16. Nxf4 Nxf4 17. Bxf4 g5 18. Be3 0-0-0 19. d4 Rhf8 20. b4 c4 21. d5 Kb8 22. Rae1 Ng6 23. exf5 Bxf5 24. a4 Ne5 25. a5 Bd7 26. Kh1 Bb5 27. Qd4 Nc6 28. Qd2 Ne5 29. Qd4 Nc6 30. Qd2 Ne5 31. Qd4 1/2-1/2

[Event "British Columbia-ch"]
[Site "Vancouver"]
[Date "2008.10.10"]
[Round "1"]
[White "Pechisker, Alfred"]
[Black "Davies, Lucas"]
[Result "1-0"]
[WhiteElo "2163"]
[BlackElo "2165"]
[PlyCount "65"]
[EventDate "2008.10.10"]
[EventType "tourn"]
[EventRounds "7"]
[EventCountry "CAN"]
[SourceTitle "EXT 2011"]
[Source "ChessBase"]
[SourceDate "2010.11.26"]
[SourceVersion "1"]
[SourceVersionDate "2010.11.26"]
[SourceQuality "1"]

1. d4 Nf6 2. c4 g6 3. Nc3 Bg7 4. e4 d6 5. f3 0-0 6. Bg5 c5 7. d5 e6 8. Qd2 exd5 9. cxd5 h6 10. Be3 Kh7 11. h4 a6 12. a4 Re8 13. Be2 Nbd7 14. g4 Ne5 15. g5 Nh5 16. Kf2 f6 17. gxh6 Bf8 18. Nh3 Nf7 19. Rag1 Bxh6 20. Bxh6 Nxh6 21. f4 Ng7 22. Ng5+ Kg8 23. Ne6 Bxe6 24. Rxg6 Bf5 25. Rxh6 Bxe4 26. Rg1 Qe7 27. Nxe4 Qxe4 28. Rhg6 Re7 29. h5 Kh8 30. Bf3 Qf5 31. Bg4 Qe4 32. Rh6+ Kg8 33. Be6+ 1-0

[Event "Keres Memorial 33rd"]
[Site "Vancouver"]
[Date "2008.05.19"]
[Round "6"]
[White "Gornall, Kirk J"]
[Black "Davies, Lucas"]
[Result "0-1"]
[WhiteElo "2108"]
[BlackElo "2238"]
[PlyCount "34"]
[EventDate "2008.05.16"]
[EventType "swiss"]
[EventRounds "7"]
[EventCountry "CAN"]
[SourceTitle "EXT 2011"]
[Source "ChessBase"]
[SourceDate "2010.11.26"]
[SourceVersion "1"]
[SourceVersionDate "2010.11.26"]
[SourceQuality "1"]

1. Nf3 Nf6 2. g3 g6 3. Bg2 Bg7 4. 0-0 0-0 5. d3 d6 6. e4 c5 7. Nbd2 Nc6 8. a4 e5 9. Nc4 h6 10. c3 Be6 11. Nfd2 d5 12. exd5 Bxd5 13. Ne4 Nxe4 14. Bxe4 f5 15. Bxd5+ Qxd5 16. Qe2 Rad8 17. Rd1 e4 0-1

[Event "Victoria Grand Pacific op 2nd"]
[Site "Victoria"]
[Date "2008.03.22"]
[Round "3"]
[White "Murray, Mike"]
[Black "Davies, Lucas"]
[Result "0-1"]
[WhiteElo "1918"]
[BlackElo "2230"]
[PlyCount "117"]
[EventDate "2008.03.21"]
[EventType "swiss"]
[EventRounds "6"]
[EventCountry "CAN"]
[SourceTitle "EXT 2011"]
[Source "ChessBase"]
[SourceDate "2010.11.26"]
[SourceVersion "1"]
[SourceVersionDate "2010.11.26"]
[SourceQuality "1"]

1. Nc3 d5 2. e4 c6 3. d3 g6 4. f4 Bg7 5. Nf3 Bg4 6. h3 Bxf3 7. Qxf3 e6 8. Be2 Qb6 9. Nd1 Ne7 10. Be3 Qc7 11. 0-0 Nd7 12. c3 h5 13. Bf2 Bh6 14. Bh4 f5 15. Bg5 fxe4 16. dxe4 Bxg5 17. fxg5 0-0-0 18. Qe3 Qb6 19. Rf2 Rde8 20. Qxb6 axb6 21. Ne3 Ne5 22. Rf6 Kd7 23. Raf1 Ra8 24. a3 Kd6 25. Rd1 Rhf8 26. c4 Rxf6 27. gxf6 Ng8 28. f7 Ne7 29. cxd5 cxd5 30. exd5 exd5 31. Bc4 Nxc4 32. Nxc4+ Ke6 33. Nxb6 Rf8 34. Re1+ Kxf7 35. Rf1+ Kg8 36. Rxf8+ Kxf8 37. Kf2 Kf7 38. g4 Ke6 39. b4 hxg4 40. hxg4 g5 41. Na4 Kd6 42. Nc5 b6 43. Nd3 Nc6 44. Ke3 b5 45. Ne1 Ne5 46. Kd4 Nc6+ 47. Kd3 Ke5 48. Ke3 d4+ 49. Kf3 Kd5 50. Nd3 Ne5+ 51. Nxe5 Kxe5 52. Ke2 Ke4 53. Kd2 d3 54. a4 bxa4 55. b5 Kd5 56. b6 Kc6 57. b7 Kxb7 58. Kxd3 Kc6 59. Kc4 0-1

[Event "Washington Class-ch Master"]
[Site "Seattle"]
[Date "2007.11.23"]
[Round "1"]
[White "Davies, Lucas"]
[Black "Cheng, Bindi"]
[Result "1/2-1/2"]
[WhiteElo "2165"]
[BlackElo "2307"]
[PlyCount "40"]
[EventDate "2007.11.23"]
[EventType "swiss"]
[EventRounds "6"]
[EventCountry "USA"]
[SourceTitle "EXT 2017"]
[Source "ChessBase"]
[SourceDate "2016.10.25"]
[SourceVersion "1"]
[SourceVersionDate "2016.10.25"]
[SourceQuality "1"]

1. e4 d5 2. exd5 Qxd5 3. Nc3 Qd6 4. Nf3 Nf6 5. Be2 a6 6. 0-0 b5 7. d4 Bb7 8. h3 Nbd7 9. a4 b4 10. Nb1 a5 11. Nbd2 Ba6 12. Nc4 Bxc4 13. Bxc4 e6 14. Bd3 Be7 15. c4 c5 16. Bc2 0-0 17. b3 Rfd8 18. Bb2 Nf8 19. Qe2 cxd4 20. Nxd4 Qb6 1/2-1/2

[Event "Canadian op"]
[Site "Ottawa"]
[Date "2007.07.10"]
[Round "5"]
[White "Davies, Lucas"]
[Black "Hua, Lefong"]
[Result "0-1"]
[WhiteElo "2177"]
[BlackElo "2323"]
[PlyCount "76"]
[EventDate "2007.07.07"]
[EventType "swiss"]
[EventRounds "10"]
[EventCountry "CAN"]
[SourceTitle "CBM 119 Extra"]
[Source "ChessBase"]
[SourceDate "2007.09.04"]
[SourceVersion "1"]
[SourceVersionDate "2007.09.04"]
[SourceQuality "1"]

1. e4 c5 2. Nf3 d6 3. d4 cxd4 4. Nxd4 Nf6 5. Nc3 g6 6. Be3 Bg7 7. f3 Nc6 8. Qd2 0-0 9. 0-0-0 Nxd4 10. Bxd4 Be6 11. Kb1 Qc7 12. h4 h5 13. Be2 Rfc8 14. Rdg1 Qa5 15. Qe3 b5 16. b3 b4 17. Nd1 Qc7 18. Bd3 Bd7 19. Nf2 e5 20. Bb2 d5 21. g4 d4 22. Qd2 Qd6 23. Qe2 a5 24. Bc4 a4 25. Nd3 axb3 26. cxb3 Rc7 27. gxh5 Nxh5 28. Rg5 Rca7 29. Rhg1 Be6 30. Bxe6 Qxe6 31. Qg2 Rxa2 32. Nc5 Qc6 33. Na4 R2xa4 34. bxa4 Qxa4 35. Qc2 b3 36. Qc5 Qa2+ 37. Kc1 Nf4 38. Qc4 Ne2+ 0-1

[Event "Keres Memorial 32nd"]
[Site "Vancouver"]
[Date "2007.05.19"]
[Round "2"]
[White "Davies, Lucas"]
[Black "Machado, Gilmar Dias"]
[Result "1-0"]
[WhiteElo "2176"]
[BlackElo "2014"]
[PlyCount "45"]
[EventDate "2007.05.18"]
[EventType "swiss"]
[EventRounds "7"]
[EventCountry "CAN"]
[SourceTitle "EXT 2008"]
[Source "ChessBase"]
[SourceDate "2007.11.25"]
[SourceVersion "1"]
[SourceVersionDate "2007.11.25"]
[SourceQuality "1"]

1. e4 e5 2. Nf3 Nc6 3. Bb5 f5 4. d3 fxe4 5. dxe4 Nf6 6. 0-0 d6 7. Qd3 Bd7 8. Nc3 Nb4 9. Bxd7+ Qxd7 10. Qe2 0-0-0 11. Be3 Kb8 12. a3 Nc6 13. b4 h6 14. Rab1 g5 15. a4 g4 16. Nd2 d5 17. exd5 Nxb4 18. Nc4 Qf5 19. Nxe5 Nfxd5 20. Nxd5 Rxd5 21. Nd3 Nxc2 22. Qxc2 Qxd3 23. Qb2 1-0

[Event "Washington Class-ch Master/Expert"]
[Site "Seattle"]
[Date "2006.11.26"]
[Round "5"]
[White "Davies, Lucas"]
[Black "Collyer, Curt D"]
[Result "0-1"]
[WhiteElo "2182"]
[BlackElo "2201"]
[PlyCount "64"]
[EventDate "2006.11.24"]
[EventType "swiss"]
[EventRounds "6"]
[EventCountry "USA"]
[SourceTitle "EXT 2017"]
[Source "ChessBase"]
[SourceDate "2016.10.25"]
[SourceVersion "1"]
[SourceVersionDate "2016.10.25"]
[SourceQuality "1"]

1. e4 e6 2. d4 d5 3. Nd2 Nf6 4. e5 Nfd7 5. Bd3 c5 6. c3 Nc6 7. Ne2 cxd4 8. cxd4 f6 9. exf6 Qxf6 10. Nf3 h6 11. 0-0 Bd6 12. Ng3 0-0 13. Bb1 Rd8 14. Re1 Nf8 15. Ne5 Bd7 16. Nh5 Qh4 17. Nf4 Be8 18. g3 Qf6 19. Nf3 Bxf4 20. Bxf4 Bh5 21. Re3 Bxf3 22. Rxf3 Nxd4 23. Re3 Nc6 24. Qe2 Rac8 25. h4 Re8 26. Bd6 e5 27. Ba3 e4 28. Qb5 Qf7 29. Bc5 b6 30. Bd6 Nd4 31. Qb4 Rc4 32. Qa3 Nb5 0-1

[Event "Washington Class-ch Master/Expert"]
[Site "Seattle"]
[Date "2006.11.24"]
[Round "1"]
[White "Chen, Howard"]
[Black "Davies, Lucas"]
[Result "0-1"]
[WhiteElo "1898"]
[BlackElo "2182"]
[PlyCount "118"]
[EventDate "2006.11.24"]
[EventType "swiss"]
[EventRounds "6"]
[EventCountry "USA"]
[SourceTitle "EXT 2017"]
[Source "ChessBase"]
[SourceDate "2016.10.25"]
[SourceVersion "1"]
[SourceVersionDate "2016.10.25"]
[SourceQuality "1"]

1. e4 c6 2. d4 d5 3. exd5 cxd5 4. c4 Nf6 5. Nc3 e6 6. Nf3 Bb4 7. Bd3 Nc6 8. 0-0 0-0 9. Bg5 Be7 10. c5 b6 11. Bb5 Bd7 12. Bxc6 Bxc6 13. b4 bxc5 14. bxc5 Qa5 15. Qc2 Rfc8 16. Rfc1 Rab8 17. Ne5 Be8 18. Qd2 Qc7 19. Qe3 Rb4 20. h3 Qa5 21. Nf3 h6 22. Bh4 Qd8 23. Rab1 Rcb8 24. Rxb4 Rxb4 25. Ne2 Ne4 26. Bxe7 Qxe7 27. Ne5 f6 28. Nd3 Rb8 29. f3 Ng5 30. Nef4 Bc6 31. h4 Nf7 32. Qxe6 Qxe6 33. Nxe6 g5 34. f4 Re8 35. Nc7 Rc8 36. Na6 Bb5 37. Nab4 a5 38. Nxd5 Rd8 39. Nxf6+ Kg7 40. Nh5+ Kg6 41. Ne5+ Nxe5 42. fxe5 Kxh5 43. c6 Rxd4 44. c7 Bd7 45. c8Q Bxc8 46. Rxc8 Kxh4 47. e6 Re4 48. Re8 Kg3 49. Kf1 g4 50. e7 a4 51. Ra8 Rxe7 52. Rxa4 Rc7 53. Ra3+ Kh4 54. g3+ Kh3 55. Ra6 h5 56. Rh6 Rc5 57. a4 Kxg3 58. Rb6 Rc3 59. a5 Ra3 0-1